[Event "NED-ch U16"]
[Site "Rotterdam"]
[Date "2016.05.07"]
[Round "9"]
[White "Bekedam, Tyro"]
[Black "Van der Noordaa, Daan"]
[Result "1-0"]
[WhiteElo "2011"]
[BlackElo "1335"]
[PlyCount "39"]
[EventDate "2016.04.29"]
[EventType "swiss"]
[EventRounds "9"]
[EventCountry "NED"]
[SourceTitle "CBM 172 Extra"]
[Source "ChessBase"]
[SourceDate "2016.06.21"]
[SourceVersion "1"]
[SourceVersionDate "2016.06.21"]
[SourceQuality "1"]

1. e4 e6 2. d4 d5 3. Nc3 Nf6 4. Bg5 Be7 5. e5 Nfd7 6. Bxe7 Qxe7 7. f4 a6 8. Nf3 c5 9. Qd2 Nc6 10. dxc5 Nxc5 11. 0-0-0 b5 12. Bd3 Rb8 13. Kb1 b4 14. Ne2 Na4 15. Ka1 Qc5 16. Ned4 0-0 17. Nxc6 Qxc6 18. g4 Qc5 19. f5 Nc3 20. f6 1-0

[Event "NED-ch U16"]
[Site "Rotterdam"]
[Date "2016.05.03"]
[Round "5"]
[White "Van der Noordaa, Daan"]
[Black "Gijsen, William"]
[Result "0-1"]
[WhiteElo "1335"]
[BlackElo "1686"]
[PlyCount "50"]
[EventDate "2016.04.29"]
[EventType "swiss"]
[EventRounds "9"]
[EventCountry "NED"]
[SourceTitle "CBM 172 Extra"]
[Source "ChessBase"]
[SourceDate "2016.06.21"]
[SourceVersion "1"]
[SourceVersionDate "2016.06.21"]
[SourceQuality "1"]

1. f4 g6 2. Nf3 d5 3. e3 Bg7 4. Bd3 c5 5. Bb5+ Bd7 6. Bxd7+ Nxd7 7. Nc3 Ngf6 8. 0-0 0-0 9. Qe1 Qc7 10. Qh4 Rad8 11. Ne2 e6 12. b3 Ne4 13. Rb1 Qa5 14. Ng5 Nxg5 15. fxg5 Qxa2 16. Bb2 Bxb2 17. c3 Qxb3 18. Rf3 Rfe8 19. Qh6 Re7 20. Rbf1 Qc2 21. Rh3 Nf8 22. Nf4 e5 23. Ne2 Qxd2 24. Ng3 Bxc3 25. Kh1 e4 0-1

[Event "NED-ch U14 op"]
[Site "Borne"]
[Date "2013.08.06"]
[Round "2"]
[White "Berghuis, Thomas"]
[Black "Van der Noordaa, Daan"]
[Result "1-0"]
[WhiteElo "809"]
[BlackElo "1129"]
[PlyCount "101"]
[EventDate "2013.08.05"]
[EventType "swiss"]
[EventRounds "9"]
[EventCountry "NED"]
[SourceTitle "EXT 2015"]
[Source "ChessBase"]
[SourceDate "2014.11.20"]
[SourceVersion "1"]
[SourceVersionDate "2014.11.20"]
[SourceQuality "1"]

1. f4 g6 2. d4 Bg7 3. Nf3 d5 4. g3 Nf6 5. Nc3 0-0 6. Bg2 Bf5 7. 0-0 Nc6 8. Ne5 Qc8 9. Re1 Bh3 10. Bxd5 Nxd5 11. Nxd5 Qd8 12. e4 e6 13. Nxc6 bxc6 14. Nc3 Qxd4+ 15. Qxd4 Bxd4+ 16. Be3 Bxc3 17. bxc3 Rfd8 18. e5 a6 19. Rad1 Rxd1 20. Rxd1 Rb8 21. a4 Rb2 22. f5 exf5 23. Bh6 Rb8 24. Rd7 Rb1+ 25. Kf2 Rb8 26. Rxc7 Bg4 27. Rxc6 f4 28. gxf4 Rc8 29. Rd6 a5 30. c4 Bf5 31. c3 Bc2 32. Rd5 Ra8 33. c5 Bxa4 34. Rd6 Bb5 35. c6 Bxc6 36. Rxc6 a4 37. Rb6 a3 38. Rb1 a2 39. Ra1 f6 40. e6 Ra6 41. c4 Rxe6 42. Rxa2 Kf7 43. Ra7+ Re7 44. Rxe7+ Kxe7 45. Ke3 Kd6 46. Kd4 Kd7 47. Kd5 f5 48. c5 Kc7 49. h4 Kd7 50. c6+ Kc7 51. Bg5 1-0